01200nam a2200301Ia 450000500170000000800410001702000190005808200190007710000300009624501250012625000390025130000610029049000110035153400730036265000280043565000330046365000330049665000260052970000290055594200120058426400330059633600270062933700330065633800280068904000350071799900150075295201310076720220317001047.0160825s2007 ck a g 000 0 spa  a9789583005601204a808.543 bR62g10aRodari, Giannid1920-198010aGramática de la fantasíabintroducción al arte de inventar historiascGianni Rodaribtraducción Alessandra Merlo a1a. edición b4a. reimpredión  a228 páginas bilustraciones en blanco y negro c20 cm  aEnsayo tGrammatica della fantasia. Introduzione all'arte di inventare storie142LEMBaArte de escribir 142LEMB aCreación literaria 142LEMB aPerceptiva literaria 142LEMB aImaginación 1 aMerlo, Alessandra965027 2ddccBK aBogotábPanamericanac2007 atextobtxt2rdacontent asin mediaciónbn2rdamedia avolumenbnc2rdacarrier aCO-BoRNBPbspaerdacCO-BoRNBP c5818d5818 00102ddc40708GENaMELEJANIbMELEJANIcGENd2023-06-02l0o153.3 R621gpLEJ00082r2023-06-02 00:00:00tEj.1w2023-06-02yBK